|
|
|
|
| LEADER |
00000cam a2200000 4500 |
| 001 |
vtls012263154 |
| 003 |
SK-MaSNL |
| 005 |
20260301060825.0 |
| 008 |
240904s2024 xo o g 000 0 slo |
| 015 |
|
|
|a SNBA2024/10
|
| 020 |
|
|
|a 9788082034700
|q (brožované)
|
| 040 |
|
|
|a SNK
|b slo
|c SNK
|e rda
|
| 041 |
1 |
|
|a slo
|h ger
|
| 044 |
|
|
|a xo
|c SK
|
| 072 |
|
7 |
|a 617
|x Ortopédia. Chirurgia. Oftalmológia
|2 konspekt
|
| 072 |
|
7 |
|a 929
|x Biografie
|2 konspekt
|
| 080 |
|
|
|a 617-089
|2 2011
|
| 080 |
|
|
|a 617‑089.8
|2 2011
|
| 080 |
|
|
|a 61:001.894
|2 2011
|
| 080 |
|
|
|a 001.894(091)
|2 2011
|
| 080 |
|
|
|a 61(091)
|2 2011
|
| 080 |
|
|
|a (0:82-94)
|2 2011
|
| 080 |
|
|
|a (0:82-96)
|2 2011
|
| 080 |
|
|
|a 82-995-051
|2 2011
|
| 100 |
1 |
|
|a Thorwald, Jürgen,
|d 1915-2006
|4 aut
|9 204332
|
| 240 |
1 |
4 |
|a Das Jahrhundert der Chirurgen
|l Slovensky
|
| 245 |
1 |
0 |
|a Storočie chirurgov
|c Jürgen Thorwald ; preklad: Dana Petrigáčová
|
| 246 |
3 |
|
|a 100ročie chirurgov
|
| 264 |
|
1 |
|a Žilina
|b Absynt
|c 2024
|
| 300 |
|
|
|a 210 strán
|b fotografie
|c 23 cm
|
| 336 |
|
|
|a text
|b txt
|2 rdacontent
|
| 337 |
|
|
|a bez média
|b n
|2 rdamedia
|
| 338 |
|
|
|a zväzok
|b nc
|2 rdacarrier
|
| 500 |
|
|
|a Preložené z nemčiny
|
| 500 |
|
|
|a Obsahuje biografické údaje o autorovi
|
| 600 |
1 |
7 |
|a Hartmann, Henry Steven,
|d 1826-1922
|2 SNKMA
|9 372753
|
| 648 |
|
7 |
|a 19.-20. storočie
|2 SNKPH
|9 279491
|
| 650 |
0 |
7 |
|a chirurgia
|2 SNKPH
|9 2178
|
| 650 |
0 |
7 |
|a chirurgické operácie
|2 SNKPH
|9 85267
|
| 650 |
0 |
7 |
|a lekárske objavy
|2 SNKPH
|9 74942
|
| 650 |
0 |
7 |
|a dejiny objavov a vynálezov
|2 SNKPH
|9 222785
|
| 650 |
0 |
7 |
|a dejiny medicíny
|2 SNKPH
|9 112274
|
| 650 |
0 |
7 |
|a Surgery
|2 SNKPHeng
|9 268480
|
| 650 |
0 |
7 |
|a Surgical procedures
|2 SNKPHeng
|9 316159
|
| 650 |
0 |
7 |
|a Medical discoveries
|2 SNKPHeng
|9 346778
|
| 650 |
0 |
7 |
|a History of discoveries and inventions
|2 SNKPHeng
|9 372754
|
| 650 |
0 |
7 |
|a History of medicine
|2 SNKPHeng
|9 320256
|
| 655 |
|
7 |
|a literatúra faktu
|2 SNKPH
|9 70526
|
| 655 |
|
7 |
|a Non fiction
|2 SNKPHeng
|9 284535
|
| 700 |
1 |
|
|a Petrigáčová, Dana,
|d 1989-
|4 trl
|9 233586
|
| 700 |
1 |
|
|a Morháčová, Pavlína S.,
|d 1985-
|4 bkd
|9 219954
|
| 852 |
|
|
|a Slovenská národná knižnica
|
| 919 |
|
|
|a 978-80-8203-470-0
|
| 954 |
|
|
|a odborná, vedecká literatúra cudzojazyčná (svetová)
|2 lita
|
| 958 |
|
|
|a OP
|
| 958 |
|
|
|a MI
|
| 968 |
|
|
|b DT
|
| 999 |
|
|
|c 616331
|d 618261
|
| 952 |
|
|
|a SNK
|b SNK
|y PREZ
|7 0
|p 17A1552394
|o snkSC 207804
|i snk2024/13902
|8 0
|0 0
|1 0
|4 0
|d 2024-09-04
|l 0
|r 2025-10-31 00:00:00
|w 2026-02-23
|
| 952 |
|
|
|a SNK
|b SNK
|y VYP
|7 0
|p 17A1552395
|o snkSC 207804 D1
|i snk2024/13903
|8 0
|0 0
|1 0
|4 0
|d 2024-09-04
|l 0
|r 2026-02-23 16:38:53
|w 2026-02-23
|